00433nam a2200133Ia 4500082001200000100002100012245009800033260003200131300001000163650002800173650005100201650002900252710001800281 aTU.0011 aUday Chandar, Y. 0aRole of values in the organizational behaviour of Indian Army officers : A sociological study c1980bUniversity of Udaipur a576p. aINDIA - ARMY - OFFICERS aARMY OFFICERS - INDIA//INDIA - ARMY - OFFICERS aORGANIZATIONAL BEHAVIOUR aLavania, B.K.